Mizan-Ul-Haqq. (Record no. 1436)

MARC details
000 -LEADER
fixed length control field 00534nam a2200229 a 4500
020 ## - INTERNATIONAL STANDARD BOOK NUMBER
ISBN
082 00 - DEWEY DECIMAL CLASSIFICATION NUMBER
Classification number 239
Author Cutter PFA4
100 ## - MAIN ENTRY--AUTHOR NAME
Author name Pfander, C G
245 ## - TITLE STATEMENT
Title Mizan-Ul-Haqq.
260 ## - PUBLICATION, DISTRIBUTION, ETC. (IMPRINT)
Place of publication Lahore
Name of publisher Punjab Religious Booksociety
Year of publication 1925
300 ## - PHYSICAL DESCRIPTION
Number of Pages 496p
500 ## - GENERAL NOTE
General note includes index and biblioraphy
505 2# - FORMATTED CONTENTS NOTE
Formatted contents note Archives
650 ## - SUBJECT ADDED ENTRY--TOPICAL TERM
Topical Term Apologetics
942 ## - ADDED ENTRY ELEMENTS (KOHA)
Koha item type Books
Holdings
Home library Current library Date acquired Cost, normal purchase price Full call number Accession Number Koha item type
Henry Martyn Institute Library Henry Martyn Institute Library 04/22/2016 100.00 239 PFA4 4128 Archive Book
Henry Martyn Institute Library Henry Martyn Institute Library 04/22/2016 100.00 239 PFA4 4341 Archive Book
Henry Martyn Institute Library Henry Martyn Institute Library 04/22/2016 100.00 239 PFA4 5857 Archive Book
Henry Martyn Institute Library Henry Martyn Institute Library 04/22/2016 100.00 239 PFA4 8582 Archive Book
Henry Martyn Institute Library Henry Martyn Institute Library 04/22/2016 100.00 239 PFA4 10357 Archive Book
Henry Martyn Institute Library Henry Martyn Institute Library 04/22/2016 100.00 239 PFA4 11256 Archive Book
                   Copyright © 2026 | Henry Martyn Institute | Hyderabad | TS-500052 | INDIA | Implemented by hmi.edu.in
Hit-Count:

Powered by Koha